000 00845cam a2200181K 4500
082 _a627
_bFID
100 1 _aFidler, T. Claxton
_943403
245 1 0 _aCalculations in hydraulic engineering
_ba practical text-book for the use of students, draughtsmen, and engineers,
_cwith numerous illustrations and examples, by T. Claxton Fidler ...
260 _aLondon,
_aNew York,
_aBombay,
_bLongmans, Green, and Co.,
_c1907-14.
300 _aix, 207 p.
_btables, diagrs.
505 0 _apt. I. Fluid pressure, and the calculation of its effects in engineering structures.--pt. II. Calculations in hydro-kinetics. New ed.
526 _a0
_b0
_c0
_d627_000000000000000_FID
650 0 _aHydraulic engineering.
_93526
650 0 _aHydraulics.
650 0 _aMCE
_9379
856 4 0 _uhttp://catalog.hathitrust.org/api/volumes/oclc/20317942.html
942 _2ddc
_cBK
999 _c547794
_d547794